000 00702nam a2200253Ia 4500
001 3048
003 GE_BSU
008 181216s||||||||xx |||||||||||||| ||und||
020 _a5888600810
040 _cGE_BSU
080 _a330.1(075.8)
245 _aИстория Экономических учений
245 _bУчебное пособие
245 _cХудож. ред. В. Цепилов
260 _aМосква
260 _bЦентр
260 _c1997
300 _a224 ст. 21 см.
541 _h4 Л.
653 _aИстория Экономических учений:
653 _aЭкономика
653 _aეკონომიკა
942 _cBK
999 _c37092
_d37092